| 000 | 00404nam a2200157Ia 4500 | ||
|---|---|---|---|
| 005 | 20241022141957.0 | ||
| 008 | 231207s9999 xx 000 0 und d | ||
| 020 | _a9780520214699 | ||
| 040 | _cNCA-PK | ||
| 082 |
_a709.2 _bTSU |
||
| 100 | _aTsujimoto, Karen | ||
| 245 | 4 | _aThe art of Joan Brown | |
| 260 |
_bUniversity of California Press _aBerkeley _c1998 |
||
| 300 | _axxxv, 272p.; ills | ||
| 942 | _cBK | ||
| 999 |
_c27525 _d27525 |
||